| 000 | 00559nam a2200217Ia 4500 | ||
|---|---|---|---|
| 005 | 20260429112226.0 | ||
| 008 | 260429s9999||||xx |||||||||||||| ||und|| | ||
| 020 | _a9789354244391 | ||
| 041 | _aEnglish | ||
| 082 |
_a006.4 _bDUD |
||
| 100 | _aDuda, Richard O. | ||
| 245 | 0 |
_aPattern recognition / _cRichard O. Duda |
|
| 250 | _a2nd ed. | ||
| 260 |
_aIndia : _bWiley, _c2021. |
||
| 300 | _axvii, 467 p.; pbk | ||
| 650 | _a Pattern recognition | ||
| 650 | _aComputer science | ||
| 700 | _a Hart, Peter E. | ||
| 700 | _a Stork, David G. | ||
| 942 | _cTB | ||
| 999 |
_c52992 _d52992 |
||